00789nam a2200193Ia 4500003000900000008004100009020001800050040001600068080003400084111008800118245016900206260004200375300001600417490006500433650004100498650001100539700002200550700002300572IN-BaIIA211028s9999 xx 000 0 eng d a90-277-2545-4 cIIA Library a524.6(082.1) bTHE aNATO Advanced Study Institute Workshop on the GalaxycCambridge, UKd1986 Aug. 4-15 4aThe galaxybproceedings of NATO advanced study institute workshop on the galaxy, held in Cambridge, UK, 4-15 August 1986cedited by Gerry Gilmore and Bob Carswell  aDordrechtbD. Reidel Publishingc1987 axiii, 435p. aNATO ASI series. Series C : mathematical and physical scienc aAstronomy and astrophysics thesaurus aGalaxy aCarswell, Bob ed. aGilmore, Gerry ed.